Clinical epidemiology : (Record no. 37415)
[ view plain ]
| 000 -LEADER | |
|---|---|
| fixed length control field | 01275nam a2200313 a 4500 |
| 001 - CONTROL NUMBER | |
| control field | 37415 |
| 003 - CONTROL NUMBER IDENTIFIER | |
| rucl marc code | BD-RjUL |
| 005 - DATE AND TIME OF LATEST TRANSACTION | |
| control field | 20211209052616.0 |
| 008 - FIXED-LENGTH DATA ELEMENTS--GENERAL INFORMATION | |
| fixed length control field | 120531s2014 paua b 001 0 eng |
| 020 ## - INTERNATIONAL STANDARD BOOK NUMBER | |
| International Standard Book Number | 9781451144475 (alk. paper) |
| 035 ## - SYSTEM CONTROL NUMBER | |
| System control number | (DNLM)101585375 |
| -- | (BD-RjUL)37519 |
| 040 ## - CATALOGING SOURCE | |
| Original cataloging agency | DNLM/DLC |
| Transcribing agency | DLC |
| Modifying agency | DLC |
| -- | BD-RjUL |
| Language of cataloging | eng |
| 041 ## - LANGUAGE CODE | |
| Language code of text/sound track or separate title | eng |
| 060 10 - NATIONAL LIBRARY OF MEDICINE CALL NUMBER | |
| Classification number | WA 950 |
| 082 00 - DEWEY DECIMAL CLASSIFICATION NUMBER | |
| Classification number | 614.4 |
| Edition number | 23 |
| Author mark and year | FLC 2014 |
| 100 1# - MAIN ENTRY--PERSONAL NAME | |
| Personal name | Fletcher, Robert H. |
| 9 (RLIN) | 114828 |
| 245 10 - TITLE STATEMENT | |
| Title | Clinical epidemiology : |
| Remainder of title | the essentials / |
| Statement of responsibility, etc. | Robert H. Fletcher, Suzanne W. Fletcher, Grant S. Fletcher. |
| 250 ## - EDITION STATEMENT | |
| Edition statement | 5th ed. |
| 260 ## - PUBLICATION, DISTRIBUTION, ETC. (IMPRINT) | |
| Place of publication, distribution, etc. | Philadelphia : |
| Name of publisher, distributor, etc. | Wolters Kluwer/Lippincott Williams & Wilkins Health, |
| Date of publication, distribution, etc. | c2014. |
| 300 ## - PHYSICAL DESCRIPTION | |
| Pagination | 253 p. : |
| Illustrations | col. ill. ; |
| Size | 26 cm. |
| 504 ## - BIBLIOGRAPHY, ETC. NOTE | |
| Bibliography, etc | Includes bibliographical references (p. 249-250) and index. |
| 505 0# - FORMATTED CONTENTS NOTE | |
| Formatted contents note | Frequency -- Abnormality -- Risk : basic principles -- Risk : exposure to disease -- Risk : disease to exposure -- Prognosis -- Diagnosis -- Treatment -- Prevention -- Chance -- Cause -- Summarizing the evidence -- Knowledge management. |
| 650 12 - SUBJECT ADDED ENTRY--TOPICAL TERM | |
| Topical term or geographic name as entry element | Epidemiologic Methods. |
| 9 (RLIN) | 114777 |
| 700 1# - ADDED ENTRY--PERSONAL NAME | |
| Personal name | Fletcher, Suzanne W. |
| Personal name | Fletcher, Grant S. |
| 942 ## - ADDED ENTRY ELEMENTS (KOHA) | |
| Source of classification or shelving scheme | Dewey Decimal Classification |
| Koha item type | Books |
| Lost status | Source of classification or shelving scheme | Damaged status | Not for loan | Collection code | Permanent Location | Current Location | Shelving location | Date acquired | Source of acquisition | Total Checkouts | Full call number | Date last seen | Copy number | Koha item type |
|---|---|---|---|---|---|---|---|---|---|---|---|---|---|---|
| Dewey Decimal Classification | Not For Loan | Non-fiction | Institute of Biological Sciences (IBSc) Library | Institute of Biological Sciences (IBSc) Library | 12/01/2015 | HEQEP | 614.4 FLC 2014 | 12/01/2015 | C-1 | Books |